Trophées de football du monde - Statistiques

Statistiques générales
  • Ce quiz a été pris 135 fois
  • Le résultat moyen est 8 sur 12
Statistiques - réponses
Par images Réponse % Correct
Coupe de la Ligue
96%
Championnat d'Europe
94%
Bundesliga
77%
Coupe d'Afrique des nations
76%
Ligue Europa
73%
Coupe de France
71%
Serie A
71%
La Liga
66%
Copa America
61%
Ligue des nations
59%
Copa Libertadores
35%
Carbao Cup
7%
Aucun quiz correspondant
Distribution des résultats
% des personnes avec chaque résultat
Percentile par nombre de réponses
Votre historique - résultats
Vous n’avez pas pris ce quiz